[Event "8. Winterthur Chess Week 2008 - Master "]
[Site "Winterthur SUI"]
[Date "2008.10.07"]
[Round "5.5"]
[White "Gallagher, Joseph"]
[Black "Georgiadis, Nico"]
[Result "1-0"]
[WhiteElo "2480"]
[BlackElo "1952"]
[PlyCount "41"]
[EventDate "2008.10.03"]
[EventType "team-swiss"]
[EventRounds "9"]
[EventCountry "SUI"]
[Source "lmi"]
[SourceDate "2008.10.03"]

1. e4 c5 2. Nf3 d6 3. Bc4 e6 4. d4 cxd4 5. Nxd4 Nf6 6. Nc3 a6 7. Bb3 b5 8. O-O
Be7 9. Qf3 Qc7 10. Re1 O-O 11. Qg3 Nc6 12. Nxc6 Qxc6 13. Bh6 Ne8 14. Nd5 Bd8
15. Re3 Kh8 16. Bg5 Qd7 17. Nf4 Bb7 18. Rd1 Bb6 19. Rf3 Rg8 20. Bxe6 Qc7 21.
Rc3 1-0

[Event "8. Winterthur Chess Week 2008 - Master "]
[Site "Winterthur SUI"]
[Date "2008.10.07"]
[Round "5.10"]
[White "Kargin, Arseny"]
[Black "Gaehwiler, Gabriel"]
[Result "0-1"]
[WhiteElo "2396"]
[BlackElo "2093"]
[PlyCount "76"]
[EventDate "2008.10.03"]
[EventType "team-swiss"]
[EventRounds "9"]
[EventCountry "SUI"]
[Source "lmi"]
[SourceDate "2008.10.03"]

1. e4 c5 2. Nf3 d6 3. d4 cxd4 4. Nxd4 Nf6 5. Nc3 a6 6. Be3 e5 7. Nde2 Be7 8.
Ng3 Be6 9. f4 Ng4 10. Bd2 Qb6 11. Qf3 exf4 12. Qxf4 g5 13. Qf3 Nc6 14. Nf5 Nce5
15. Ng7+ Kd7 16. Qg3 h5 17. Nxe6 fxe6 18. Nd1 h4 19. Qb3 Qc6 20. Nc3 h3 21. Qa4
hxg2 22. Bxg2 Rxh2 23. Rxh2 Nxh2 24. O-O-O Qxa4 25. Nxa4 Kc6 26. Rh1 Nhf3 27.
Be3 Nh4 28. Bf1 g4 29. Bf2 Rf8 30. Bg3 Rf3 31. Be1 g3 32. Rg1 Rxf1 33. Rxf1 g2
34. Rg1 Nef3 35. Bxh4 Nxg1 36. Bf2 Nh3 37. Ba7 b6 38. Bxb6 Bd8 0-1

[Event "8. Winterthur Chess Week 2008 - Master "]
[Site "Winterthur SUI"]
[Date "2008.10.07"]
[Round "5.19"]
[White "Egitov, Alexey"]
[Black "Glauser, Hansruedi"]
[Result "1-0"]
[WhiteElo "2025"]
[BlackElo "2182"]
[PlyCount "81"]
[EventDate "2008.10.03"]
[EventType "team-swiss"]
[EventRounds "9"]
[EventCountry "SUI"]
[Source "lmi"]
[SourceDate "2008.10.03"]

1. e4 c5 2. Nf3 Nc6 3. d4 cxd4 4. Nxd4 Nf6 5. Nc3 d6 6. Bg5 e6 7. Qd2 a6 8.
O-O-O Bd7 9. Kb1 b5 10. Bxf6 gxf6 11. f4 Qb6 12. Nxc6 Bxc6 13. Qe1 Ra7 14. f5
Qc5 15. Bd3 b4 16. Ne2 Bh6 17. fxe6 fxe6 18. Rf1 Ke7 19. Qh4 Bg5 20. Qg4 h5 21.
Qg3 h4 22. Qg4 Be8 23. Nf4 Bf7 24. Bc4 Qxc4 25. e5 d5 26. exf6+ Bxf6 27. Rfe1
e5 28. Qf5 Rc8 29. Rxe5+ Bxe5 30. Qxe5+ Kd7 31. Qf5+ Kc6 32. Qxc8+ Rc7 33. Qf5
Qe4 34. Qf6+ Kb7 35. Nd3 Bg6 36. Qd6 Rxc2 37. Kxc2 Qc4+ 38. Kb1 Bxd3+ 39. Ka1
Be4 40. Qe7+ Kb6 41. Qxh4 1-0

[Event "8. Winterthur Chess Week 2008 - Master "]
[Site "Winterthur SUI"]
[Date "2008.10.08"]
[Round "6.1"]
[White "Bachmann, Axel"]
[Black "Di Berardino, Diego"]
[Result "1-0"]
[WhiteElo "2555"]
[BlackElo "2502"]
[PlyCount "81"]
[EventDate "2008.10.03"]
[EventType "team-swiss"]
[EventRounds "9"]
[EventCountry "SUI"]
[Source "lmi"]
[SourceDate "2008.10.03"]

1. e4 c5 2. Nc3 e6 3. Nf3 Nc6 4. g3 Nf6 5. Bg2 d6 6. O-O a6 7. d4 cxd4 8. Nxd4
Bd7 9. a4 Be7 10. Nxc6 Bxc6 11. Be3 Qc7 12. a5 O-O 13. Bb6 Qb8 14. Qe2 Re8 15.
Rfd1 Bf8 16. Bd4 Nd7 17. Na4 Qc7 18. Nb6 Nxb6 19. Bxb6 Qc8 20. Qd3 d5 21. exd5
Bxd5 22. Bxd5 exd5 23. Qxd5 Qxc2 24. Rd2 Qc8 25. Ra4 Re7 26. Kg2 Qe8 27. Rf4
Rc8 28. Bd8 Re6 29. Qxb7 Rc1 30. Bb6 Ree1 31. Rd8 Rg1+ 32. Kf3 Qe6 33. Qd5
Qxd5+ 34. Rxd5 f6 35. Rd8 Kf7 36. Rd7+ Ke6 37. Ra7 h5 38. Rxa6 Kf7 39. Ra7+ Ke6
40. h4 Bd6 41. Re4+ 1-0

[Event "8. Winterthur Chess Week 2008 - Master "]
[Site "Winterthur SUI"]
[Date "2008.10.08"]
[Round "6.2"]
[White "Diamant, Andre"]
[Black "Howell, David"]
[Result "1/2-1/2"]
[WhiteElo "2412"]
[BlackElo "2593"]
[PlyCount "115"]
[EventDate "2008.10.03"]
[EventType "team-swiss"]
[EventRounds "9"]
[EventCountry "SUI"]
[Source "lmi"]
[SourceDate "2008.10.03"]

1. e4 e5 2. Nf3 Nc6 3. Bb5 a6 4. Ba4 Nf6 5. O-O Be7 6. Re1 b5 7. Bb3 d6 8. c3
O-O 9. h3 Na5 10. Bc2 c5 11. d4 Qc7 12. Nbd2 cxd4 13. cxd4 Bd7 14. Nf1 Rac8 15.
Ne3 Nc6 16. Bb3 Na5 17. Bc2 Nc6 18. Bb3 Rfe8 19. a3 Nxd4 20. Nxd4 exd4 21. Qxd4
Bd8 22. Nd5 Nxd5 23. Bxd5 Bf6 24. Qb4 Qc2 25. Qxd6 Bc6 26. Bxc6 Rxc6 27. Qd7
Rce6 28. Qd1 Qxd1 29. Rxd1 Rxe4 30. Kf1 Re2 31. Rb1 Rc2 32. b4 Rec8 33. Be3
R2c3 34. Rbc1 Rxc1 35. Rxc1 Rxc1+ 36. Bxc1 Kf8 37. Ke2 Ke7 38. Kd3 Ke6 39. Ke4
Ba1 40. Kd3 Kd5 41. f3 Be5 42. Bd2 g6 43. Bc1 Bg3 44. Bd2 Ke5 45. Bc1 Be1 46.
Be3 Bh4 47. Bd2 Bd8 48. Bc1 Bb6 49. Be3 Bc7 50. Bc1 Bd8 51. Bd2 f5 52. Bc1 Bb6
53. Be3 Bc7 54. Bd2 Bd8 55. Bc1 Bh4 56. Bd2 Be7 57. Bc1 Bd8 58. Bd2 1/2-1/2

[Event "8. Winterthur Chess Week 2008 - Master "]
[Site "Winterthur SUI"]
[Date "2008.10.08"]
[Round "6.3"]
[White "Berczes, David"]
[Black "Gallagher, Joseph"]
[Result "1-0"]
[WhiteElo "2514"]
[BlackElo "2480"]
[PlyCount "93"]
[EventDate "2008.10.03"]
[EventType "team-swiss"]
[EventRounds "9"]
[EventCountry "SUI"]
[Source "lmi"]
[SourceDate "2008.10.03"]

1. d4 Nf6 2. c4 g6 3. Nc3 Bg7 4. e4 d6 5. Bd3 O-O 6. Nge2 Nc6 7. O-O e5 8. d5
Nd4 9. Nxd4 exd4 10. Ne2 Re8 11. f3 c6 12. Bg5 Qb6 13. Rb1 Nd7 14. Bh4 a5 15.
Bf2 c5 16. f4 Nf6 17. Qc2 Ng4 18. h3 Nxf2 19. Rxf2 Qd8 20. Rbf1 a4 21. Rf3 Bd7
22. e5 dxe5 23. fxe5 Rxe5 24. Rxf7 Be8 25. R7f3 Qe7 26. Ng3 Re1 27. Ne4 Rxf1+
28. Rxf1 Bd7 29. g4 b6 30. Qd2 Rf8 31. Rxf8+ Qxf8 32. Qg5 Qe8 33. Kg2 Qf8 34.
h4 Be8 35. Qd8 Bf7 36. Qc7 Qe8 37. h5 Be5 38. Qxb6 Qc8 39. Nf2 gxh5 40. Qh6 Bg7
41. Qxh7+ Kf8 42. gxh5 Qa6 43. Ng4 Qa5 44. h6 Qd2+ 45. Kh3 Be5 46. Qf5 Bh8 47.
Qc8+ 1-0

[Event "8. Winterthur Chess Week 2008 - Master "]
[Site "Winterthur SUI"]
[Date "2008.10.08"]
[Round "6.4"]
[White "Gaehwiler, Gabriel"]
[Black "Jenni, Florian"]
[Result "1/2-1/2"]
[WhiteElo "2093"]
[BlackElo "2543"]
[PlyCount "89"]
[EventDate "2008.10.03"]
[EventType "team-swiss"]
[EventRounds "9"]
[EventCountry "SUI"]
[Source "lmi"]
[SourceDate "2008.10.03"]

1. e4 e5 2. Nf3 Nc6 3. d4 exd4 4. Nxd4 Nf6 5. Nxc6 bxc6 6. e5 Qe7 7. Qe2 Nd5 8.
Nd2 Nb4 9. Nf3 Ba6 10. c4 c5 11. a3 Nc6 12. Bd2 Bb7 13. Bc3 Nd8 14. O-O-O Ne6
15. h4 g6 16. h5 O-O-O 17. g3 g5 18. Bh3 Bg7 19. Bg4 h6 20. Rhe1 Rhe8 21. Rd5
Qf8 22. Qd1 Bc6 23. b4 Kb8 24. b5 Bb7 25. Bf5 f6 26. Rxd7 fxe5 27. Bxe6 Bxf3
28. Rxd8+ Rxd8 29. Qc2 Bxh5 30. Bxe5 Bxe5 31. Rxe5 Rd1+ 32. Kb2 Qg7 33. f4 gxf4
34. gxf4 Qg1 35. Rxh5 Qd4+ 36. Kb3 Qe3+ 37. Ka4 Rd3 38. Qb2 Qxe6 39. Rxc5 Qe1
40. Qb4 Qd1+ 41. Ka5 Qf1 42. a4 Qxf4 43. Qe1 Kb7 44. Qh1+ Rf3 45. Qe1 1/2-1/2

[Event "8. Winterthur Chess Week 2008 - Master "]
[Site "Winterthur SUI"]
[Date "2008.10.08"]
[Round "6.5"]
[White "Jakubowski, Krzysztof"]
[Black "Ballmann, Martin"]
[Result "1-0"]
[WhiteElo "2507"]
[BlackElo "2408"]
[PlyCount "63"]
[EventDate "2008.10.03"]
[EventType "team-swiss"]
[EventRounds "9"]
[EventCountry "SUI"]
[Source "lmi"]
[SourceDate "2008.10.03"]

1. e4 g6 2. d4 Bg7 3. h4 h5 4. c4 d6 5. Nc3 Nf6 6. f3 c6 7. Nh3 Bxh3 8. Rxh3 e5
9. d5 cxd5 10. cxd5 Nbd7 11. g4 hxg4 12. fxg4 a6 13. Qf3 Qb6 14. Qg2 Rc8 15.
Be3 Qb4 16. Bd2 Nc5 17. Rb1 Ncxe4 18. a3 Nxd2 19. axb4 Nxb1 20. Na2 O-O 21. g5
Nh5 22. Qe4 Nf4 23. Rf3 Rfe8 24. Qxb1 Nxd5 25. Qd1 e4 26. Rxf7 Ne3 27. Rxg7+
Kh8 28. Qxd6 Nc2+ 29. Ke2 Kxg7 30. Qf6+ Kh7 31. h5 gxh5 32. Bh3 1-0

[Event "8. Winterthur Chess Week 2008 - Master "]
[Site "Winterthur SUI"]
[Date "2008.10.08"]
[Round "6.8"]
[White "Kamber, Bruno"]
[Black "Varadi, Viktor"]
[Result "0-1"]
[WhiteElo "2319"]
[BlackElo "2432"]
[PlyCount "56"]
[EventDate "2008.10.03"]
[EventType "team-swiss"]
[EventRounds "9"]
[EventCountry "SUI"]
[Source "lmi"]
[SourceDate "2008.10.03"]

1. e4 c5 2. Ne2 d6 3. g3 Nc6 4. Bg2 e5 5. c3 Qb6 6. Na3 g6 7. Nc4 Qc7 8. d4
cxd4 9. cxd4 Nxd4 10. Ne3 Nc6 11. Nd5 Qd8 12. O-O Bg7 13. Nec3 Nge7 14. Nb5
Nxd5 15. Qxd5 O-O 16. Be3 Be6 17. Qxd6 Qa5 18. Qc5 Nd4 19. Bxd4 exd4 20. b4 Qa4
21. Nc7 Rac8 22. Qe7 Bc4 23. Rfe1 d3 24. e5 d2 25. Red1 Rcd8 26. Bf1 Bxf1 27.
Kxf1 Qc6 28. Qc5 Qxc5 0-1

[Event "8. Winterthur Chess Week 2008 - Master "]
[Site "Winterthur SUI"]
[Date "2008.10.08"]
[Round "6.12"]
[White "Kelecevic, Nedeljko"]
[Black "Jovanovic, Sladjan"]
[Result "0-1"]
[WhiteElo "2366"]
[BlackElo "2143"]
[PlyCount "108"]
[EventDate "2008.10.03"]
[EventType "team-swiss"]
[EventRounds "9"]
[EventCountry "SUI"]
[Source "lmi"]
[SourceDate "2008.10.03"]

1. d4 b5 2. e4 Bb7 3. Nd2 a6 4. Ngf3 e6 5. Bd3 c5 6. dxc5 Bxc5 7. O-O g5 8. Nb3
Be7 9. Be3 d6 10. a4 b4 11. Bd4 e5 12. Be3 a5 13. Qc1 Nf6 14. Nfd2 Rg8 15. Re1
Nbd7 16. Qb1 Rg6 17. Nc1 h5 18. Ne2 h4 19. c3 Nc5 20. Bxc5 dxc5 21. Qc2 Nh5 22.
Bb5+ Kf8 23. Nc4 Qc7 24. Rad1 Nf6 25. Nc1 g4 26. Nb3 g3 27. f3 gxh2+ 28. Kxh2
Bc8 29. Ne3 Be6 30. Bc4 Nh5 31. Bxe6 fxe6 32. cxb4 axb4 33. a5 Rc8 34. Qc4 Bg5
35. Ng4 Bf4+ 36. Kg1 Qe7 37. Qa6 Rc7 38. Qc4 Bg3 39. Re2 Nf4 40. Red2 Rxg4 41.
fxg4 h3 42. Rf1 Qh4 43. gxh3 Rf7 44. Qxc5+ Kg8 45. Qc8+ Rf8 46. Qxf8+ Kxf8 47.
a6 Ke7 48. a7 Nxh3+ 49. Kg2 Qxg4 50. a8=Q Bf2+ 51. Kh2 Qg3+ 52. Kh1 Qf3+ 53.
Kh2 Bg3+ 54. Kxh3 Bf2+ 0-1

[Event "8. Winterthur Chess Week 2008 - Master "]
[Site "Winterthur SUI"]
[Date "2008.10.09"]
[Round "7.1"]
[White "Jakubowski, Krzysztof"]
[Black "Bachmann, Axel"]
[Result "1/2-1/2"]
[WhiteElo "2507"]
[BlackElo "2555"]
[PlyCount "70"]
[EventDate "2008.10.03"]
[EventType "team-swiss"]
[EventRounds "9"]
[EventCountry "SUI"]
[Source "lmi"]
[SourceDate "2008.10.03"]

1. d4 Nf6 2. Nf3 g6 3. Bg5 Bg7 4. Nbd2 d6 5. Bxf6 Bxf6 6. c3 O-O 7. e4 Nc6 8.
Be2 e5 9. dxe5 Nxe5 10. O-O Nxf3+ 11. Bxf3 Re8 12. Nc4 Be6 13. Ne3 c6 14. g3
Qb6 15. Qc2 Bg5 16. Rfe1 Rad8 17. h4 Bf6 18. Red1 Be5 19. Kg2 Rf8 20. Qe2 f5
21. exf5 gxf5 22. Nc4 Qb5 23. Nxe5 Qxe2 24. Bxe2 dxe5 25. b3 Kf7 26. Rxd8 Rxd8
27. Rd1 Rxd1 28. Bxd1 e4 29. f3 exf3+ 30. Kxf3 Kf6 31. Kf4 c5 32. a3 b6 33. b4
a5 34. bxa5 bxa5 35. Bc2 h6 1/2-1/2

[Event "8. Winterthur Chess Week 2008 - Master "]
[Site "Winterthur SUI"]
[Date "2008.10.10"]
[Round "8.1"]
[White "Bachmann, Axel"]
[Black "Hajnal, Zoltan"]
[Result "1-0"]
[WhiteElo "2555"]
[BlackElo "2400"]
[PlyCount "53"]
[EventDate "2008.10.03"]
[EventType "team-swiss"]
[EventRounds "9"]
[EventCountry "SUI"]
[Source "lmi"]
[SourceDate "2008.10.03"]

1. c4 Nf6 2. Nc3 c6 3. e4 e5 4. Nf3 d6 5. d4 Bg4 6. Be2 Nbd7 7. O-O Be7 8. Be3
O-O 9. h3 Bh5 10. d5 c5 11. a3 Rc8 12. Nd2 Bxe2 13. Qxe2 g6 14. b4 Nh5 15. Rab1
b6 16. Nb5 Ra8 17. Qg4 a6 18. Nc3 Ng7 19. Bh6 Rc8 20. Qd1 Bg5 21. Bxg5 Qxg5 22.
bxc5 bxc5 23. Rb7 Nb8 24. Nf3 Qd8 25. Qd2 f6 26. Rfb1 Rf7 27. R7b6 1-0

[Event "8. Winterthur Chess Week 2008 - Master "]
[Site "Winterthur SUI"]
[Date "2008.10.10"]
[Round "8.12"]
[White "Georgiadis, Nico"]
[Black "Goreskul, Alyona"]
[Result "0-1"]
[WhiteElo "1952"]
[BlackElo "2222"]
[PlyCount "70"]
[EventDate "2008.10.03"]
[EventType "team-swiss"]
[EventRounds "9"]
[EventCountry "SUI"]
[Source "lmi"]
[SourceDate "2008.10.03"]

1. e4 c5 2. Nf3 Nc6 3. d4 cxd4 4. Nxd4 Nf6 5. Nc3 g6 6. Be3 Bg7 7. f3 O-O 8.
Bc4 Qb6 9. Bb3 Nxe4 10. Nd5 Qa5+ 11. c3 Nc5 12. Bc4 Ne6 13. Nxc6 dxc6 14. Nxe7+
Kh8 15. Nxc8 Qe5 16. Qe2 Rfxc8 17. O-O b5 18. Bb3 Re8 19. Rae1 b4 20. f4 Qa5
21. f5 gxf5 22. Qh5 bxc3 23. Rxf5 Qb4 24. Bc2 cxb2 25. Ref1 Qc3 26. R5f2 Nf8
27. Bh6 Bd4 28. Qxf7 Qxc2 29. Bg7+ Bxg7 30. Rxc2 Rab8 31. Rb1 Bd4+ 32. Kf1 Ng6
33. Qd7 Rf8+ 34. Ke2 Rbe8+ 35. Kd3 Ne5+ 0-1

[Event "8. Winterthur Chess Week 2008 - Master "]
[Site "Winterthur SUI"]
[Date "2008.10.10"]
[Round "8.24"]
[White "Torricelli, Arnold"]
[Black "Gusakovskaya, Yana"]
[Result "0-1"]
[WhiteElo "1954"]
[BlackElo "2080"]
[PlyCount "42"]
[EventDate "2008.10.03"]
[EventType "team-swiss"]
[EventRounds "9"]
[EventCountry "SUI"]
[Source "lmi"]
[SourceDate "2008.10.03"]

1. c4 f5 2. g3 e5 3. Bg2 Nf6 4. Nc3 g6 5. Nf3 d6 6. O-O Bg7 7. d3 O-O 8. c5 Nc6
9. cxd6 cxd6 10. Bg5 h6 11. Bxf6 Qxf6 12. Nd2 Be6 13. Nb5 Qe7 14. e3 d5 15. Qa4
a6 16. Nc3 Rfe8 17. Ne2 Qb4 18. Qd1 Rac8 19. Nc1 Rc7 20. Ncb3 Qb5 21. Re1 Nb4
0-1